000 00800nam a2200277Ia 4500
003 OSt
005 20221006144638.0
006 a|||||r|||| 00| 0
007 ta
008 221006b |||||||| |||| 00| 0 chi d
020 _a9787010030876 (V.2)
_cYu 55.00 (each)
024 _a12,231
037 _bGift, PRC
_cTextual
040 _aEASL
_cEASL
_bchi
041 _2chi
_achi
082 _aV41.N99, N9.
100 _aZHANG Xiao Ping Ed.
_9652522
245 0 _aXin zhong guo wushi nian dashiji, 2 Vols.
260 _aBeijing
_bRenmin Chubanshe China
_c1999
300 _a1237+612p.
_ccm.
490 _v V.1CL
650 _a CL
_9642733
650 _aNew China Notes
_9652523
942 _hV41.N99, N9.
_cTEXL
_2CC
999 _c1080317
_d1080317